[Event "28th European Club Cup"]
[Site "Eilat ISR"]
[Date "2012.10.11"]
[Round "1.7"]
[White "Vogt, Lothar"]
[Black "Kurnosov, Igor"]
[Result "0-1"]
[WhiteTitle "GM"]
[BlackTitle "GM"]
[WhiteElo "2397"]
[BlackElo "2660"]
[WhiteTeam "Schachgesellschaft Zürich"]
[BlackTeam "Tomsk-400"]
[WhiteFideId "4611292"]
[BlackFideId "4142527"]
[EventDate "2012.10.11"]
[EventType "team-swiss"]

1. Nf3 Nf6 2. c4 g6 3. b3 d6 4. d4 c5 5. dxc5 Bg7 6. Bb2 Qa5+ 7. Qd2 Qxc5 8. Nc3
Nc6 9. e3 O-O 10. Be2 Qa5 11. Nb5 Bd7 12. Qxa5 Nxa5 13. Nbd4 Rfc8 14. Nd2 a6 15.
O-O Rc7 16. Rfc1 Rac8 17. b4 Nc6 18. Nxc6 Bxc6 19. b5 Be8 20. bxa6 bxa6 21. c5
Rxc5 22. Bxa6 Rxc1+ 23. Rxc1 Ra8 24. Bc4 Ne4 25. Nxe4 Bxb2 26. Rb1 Ba3 27. Bb3
Rc8 28. f3 Kg7 29. Kf2 e6 30. Nd2 d5 31. f4 Rc3 32. Nf3 Bc1 33. Bd1 Bxe3+ 34.
Kg3 Rc4 0-1

[Event "28th European Club Cup"]
[Site "Eilat ISR"]
[Date "2012.10.11"]
[Round "1.8"]
[White "Laznicka, Viktor"]
[Black "Dambacher, Martijn"]
[Result "1/2-1/2"]
[WhiteTitle "GM"]
[BlackTitle "IM"]
[WhiteElo "2678"]
[BlackElo "2471"]
[WhiteTeam "G-Team Novy Bor"]
[BlackTeam "Eynatten"]
[WhiteFideId "316385"]
[BlackFideId "1005030"]
[EventDate "2012.10.11"]
[EventType "team-swiss"]

1. d4 Nf6 2. c4 e6 3. g3 d5 4. Nf3 Be7 5. Bg2 O-O 6. O-O dxc4 7. Qc2 a6 8. Qxc4
b5 9. Qc2 Bb7 10. Bd2 Be4 11. Qc1 Qc8 12. Bg5 c5 13. Nbd2 Bb7 14. dxc5 Qxc5 15.
Qxc5 Bxc5 16. Bxf6 gxf6 17. Rfd1 Rd8 18. Nb3 Rxd1+ 19. Rxd1 Bb6 20. Rd6 Bc7 21.
Rd3 Bb6 22. Nfd4 Bxg2 23. Kxg2 Nd7 24. Nc6 Ne5 25. Nxe5 fxe5 26. Rd7 Rc8 27. e3
Rc2 28. Kf1 Bc7 29. Ke1 Kf8 30. Kd1 Rc6 31. e4 Ke8 32. Rd2 Bb6 33. Nc1 Rc4 34.
f3 Be3 35. Rc2 Rxc2 36. Kxc2 Bxc1 37. Kxc1 Kd7 38. b4 Ke7 39. Kd2 Kf6 40. Ke3
Kg5 41. Kf2 h5 42. h4+ Kg6 43. g4 f6 44. Ke2 Kh6 45. Ke3 Kg6 46. Kf2 Kh6 47. Kg3
Kg6 48. f4 exf4+ 49. Kxf4 hxg4 50. Kxg4 Kh6 51. h5 1/2-1/2

[Event "28th European Club Cup"]
[Site "Eilat ISR"]
[Date "2012.10.11"]
[Round "1.8"]
[White "Swinkels, Robin"]
[Black "Sasikiran, Krishnan"]
[Result "1-0"]
[WhiteTitle "GM"]
[BlackTitle "GM"]
[WhiteElo "2494"]
[BlackElo "2680"]
[WhiteTeam "Eynatten"]
[BlackTeam "G-Team Novy Bor"]
[WhiteFideId "1010824"]
[BlackFideId "5004985"]
[EventDate "2012.10.11"]
[EventType "team-swiss"]

1. d4 Nf6 2. c4 e6 3. g3 Bb4+ 4. Bd2 Be7 5. Bg2 d5 6. Nf3 O-O 7. O-O c6 8. Qc2
b6 9. Rd1 Nbd7 10. Bf4 Ba6 11. Ne5 Nxe5 12. dxe5 Ng4 13. cxd5 cxd5 14. h3 Nxf2
15. Kxf2 Bc5+ 16. Be3 Bxe3+ 17. Kxe3 f6 18. Kf2 fxe5+ 19. Kg1 Qg5 20. Kh2 h5 21.
h4 Qg4 22. Nc3 Rac8 23. Rf1 b5 24. Bh3 Qd4 25. Bxe6+ Kh8 26. Qg6 1-0

[Event "28th European Club Cup"]
[Site "Eilat ISR"]
[Date "2012.10.11"]
[Round "1.8"]
[White "Bartel, Mateusz"]
[Black "Koch, Thomas1"]
[Result "1-0"]
[WhiteTitle "GM"]
[BlackTitle "IM"]
[WhiteElo "2635"]
[BlackElo "2431"]
[WhiteTeam "G-Team Novy Bor"]
[BlackTeam "Eynatten"]
[WhiteFideId "1112635"]
[BlackFideId "4600533"]
[EventDate "2012.10.11"]
[EventType "team-swiss"]

1. e4 c5 2. Nc3 Nc6 3. Bb5 g6 4. Bxc6 dxc6 5. d3 e5 6. Be3 Nf6 7. h3 Qd6 8. Qd2
Bg7 9. Nge2 Be6 10. f4 Nd7 11. O-O-O f6 12. g4 exf4 13. Bxf4 Ne5 14. Rhf1 O-O-O
15. Bh6 Qe7 16. Bxg7 Qxg7 17. Nf4 Bf7 18. Qf2 b6 19. Kb1 Rd6 20. Qg3 Rhd8 21. g5
fxg5 22. Qxg5 h6 23. Qg3 Be8 24. Ng2 Qe7 25. Ne3 Bd7 26. Rf2 Rf6 27. Ned5 1-0

[Event "28th European Club Cup"]
[Site "Eilat ISR"]
[Date "2012.10.11"]
[Round "1.8"]
[White "Coenen, Norbert"]
[Black "Markos, Jan"]
[Result "0-1"]
[WhiteTitle "IM"]
[BlackTitle "GM"]
[WhiteElo "2327"]
[BlackElo "2581"]
[WhiteTeam "Eynatten"]
[BlackTeam "G-Team Novy Bor"]
[WhiteFideId "4619455"]
[BlackFideId "14903474"]
[EventDate "2012.10.11"]
[EventType "team-swiss"]

1. e4 c5 2. Nf3 Nc6 3. d4 cxd4 4. Nxd4 e5 5. Nb5 d6 6. a4 Be6 7. N1c3 a6 8. Na3
Be7 9. Bc4 Nf6 10. Bg5 O-O 11. Bxf6 Bxf6 12. Nd5 Bg5 13. O-O Kh8 14. c3 Rc8 15.
Qe2 Ne7 16. Rad1 Ng6 17. g3 Bh6 18. Qh5 Rc6 19. Qe2 Qg5 20. Kh1 Bh3 21. Rg1 f5
22. f4 exf4 23. gxf4 Nxf4 24. Qf2 Bg4 25. Nxf4 Qxf4 26. Qxf4 Bxf4 27. Rdf1 g5
28. Bd5 Rc5 29. Be6 Be2 30. Rf2 Bd3 31. Bxf5 d5 32. Re1 dxe4 33. Bg4 Re5 34. Be2
e3 35. Rff1 Be4+ 36. Kg1 g4 37. Nc4 Rh5 38. Rxf4 Rxf4 39. Nxe3 Bf3 40. Bxf3 gxf3
41. Rd1 f2+ 0-1

[Event "28th European Club Cup"]
[Site "Eilat ISR"]
[Date "2012.10.11"]
[Round "1.8"]
[White "Cvek, Robert"]
[Black "Kaufeld, Juergen"]
[Result "1-0"]
[WhiteTitle "GM"]
[BlackTitle "FM"]
[WhiteElo "2540"]
[BlackElo "2326"]
[WhiteTeam "G-Team Novy Bor"]
[BlackTeam "Eynatten"]
[WhiteFideId "307424"]
[BlackFideId "4648498"]
[EventDate "2012.10.11"]
[EventType "team-swiss"]

1. c4 Nf6 2. Nc3 d5 3. cxd5 Nxd5 4. g3 g6 5. Bg2 Nb6 6. d3 Bg7 7. Be3 Nc6 8. Qc1
Nd4 9. Nf3 Nxf3+ 10. Bxf3 c6 11. Bh6 Qd4 12. h4 Be6 13. Bxg7 Qxg7 14. Qg5 Qd4
15. Rc1 a5 16. Be4 Nd7 17. h5 h6 18. Qd2 g5 19. e3 Qd6 20. d4 f5 21. Bg2 Nf6 22.
e4 fxe4 23. Nxe4 Nxe4 24. Bxe4 Bxa2 25. O-O Bf7 26. Rfe1 O-O 27. Bb1 Bd5 28. Re5
Rf7 29. Bg6 Rg7 30. Rce1 Rf8 31. Qxa5 Rxg6 32. hxg6 Qd7 33. Qa3 e6 34. Qd3 Qg7
35. Rxe6 Bxe6 36. Rxe6 Rd8 37. Qe4 Qd7 38. Re5 Qd6 39. Re8+ Rxe8 40. Qxe8+ Qf8
41. Qd7 Qf6 42. Qh7+ Kf8 43. Qxh6+ Qg7 44. Qxg5 Qxd4 45. Qf5+ 1-0

[Event "28th European Club Cup"]
[Site "Eilat ISR"]
[Date "2012.10.11"]
[Round "1.9"]
[White "Zhigalko, Andrey"]
[Black "Agrest, Evgenij"]
[Result "1-0"]
[WhiteTitle "GM"]
[BlackTitle "GM"]
[WhiteElo "2582"]
[BlackElo "2614"]
[WhiteTeam "Vesnianka Gran"]
[BlackTeam "Team Viking"]
[WhiteFideId "13502247"]
[BlackFideId "1705024"]
[EventDate "2012.10.11"]
[EventType "team-swiss"]

1. e4 c6 2. d4 d5 3. exd5 cxd5 4. c4 Nf6 5. Nc3 Be6 6. Nge2 dxc4 7. Nf4 Bg4 8.
f3 Bd7 9. Bxc4 e6 10. d5 e5 11. Nd3 Bd6 12. Be3 O-O 13. O-O a6 14. Nf2 Bf5 15.
Bd3 Bxd3 16. Qxd3 Ne8 17. Nce4 Nd7 18. Rac1 h6 19. b4 f5 20. Nc5 Qe7 21. Nxb7 e4
22. Qb3 exf3 23. Rfe1 Bxh2+ 24. Kxh2 Qh4+ 25. Nh3 Ne5 26. Bf2 Qg4 27. g3 Qh5 28.
Rxe5 Nf6 29. d6+ Kh7 30. Kg1 Qxh3 31. Qxf3 Ng4 32. Re7 Rf6 33. Qg2 Qh5 34. Rcc7
Rg6 35. Bd4 Rg8 36. d7 Nf6 37. Bxf6 Qd1+ 38. Kh2 f4 39. Bh4 fxg3+ 40. Bxg3 Qh5+
41. Qh3 1-0

[Event "28th European Club Cup"]
[Site "Eilat ISR"]
[Date "2012.10.11"]
[Round "1.9"]
[White "Volodin, Aleksandr"]
[Black "Teterev, Vitaly"]
[Result "1/2-1/2"]
[WhiteTitle "GM"]
[BlackTitle "GM"]
[WhiteElo "2509"]
[BlackElo "2529"]
[WhiteTeam "Team Viking"]
[BlackTeam "Vesnianka Gran"]
[WhiteFideId "4501950"]
[BlackFideId "13501429"]
[EventDate "2012.10.11"]
[EventType "team-swiss"]

1. d4 Nf6 2. c4 g6 3. Nc3 Bg7 4. e4 d6 5. f3 O-O 6. Be3 Nc6 7. Nge2 a6 8. Qd2
Rb8 9. Rc1 Bd7 10. Nd1 Re8 11. Nf2 e6 12. g4 b5 13. c5 dxc5 14. Rxc5 Bf8 15. Rc1
Bb4 16. Nc3 e5 17. d5 Nd4 18. Bg2 c5 19. dxc6 Bxc6 20. Nd3 Bd6 21. Ne2 Nxf3+ 22.
Bxf3 Bxe4 23. Bxe4 Nxe4 24. Qc2 Qh4+ 25. Nf2 Nxf2 26. Bxf2 Qxg4 27. Rg1 Qh3 28.
Qe4 Rbc8 29. Rxc8 Rxc8 30. b3 Kg7 31. Bg3 Qe6 32. Rf1 Re8 33. Bh4 f5 34. Qb7+
Kg8 35. Bg5 Rb8 36. Qa7 Qd5 37. Bd2 Ra8 38. Qd7 Rf8 39. Nc3 Qd4 40. Qe6+ Kg7 41.
Rf3 Bb4 42. Ke2 Rd8 43. Bg5 Rf8 44. Bd2 Rd8 45. Bg5 Rf8 46. Bd2 e4 47. Rh3 h5
48. Rg3 Rf6 49. Qd5 Bc5 50. Qxd4 Bxd4 51. Nd5 Rd6 52. Nf4 h4 53. Rg2 Be5 54. Be3
Kf7 55. Rg1 Rc6 56. Kd2 Rd6+ 57. Ke2 Rc6 58. Kd2 Bc3+ 59. Ke2 Be5 1/2-1/2

[Event "28th European Club Cup"]
[Site "Eilat ISR"]
[Date "2012.10.11"]
[Round "1.9"]
[White "Kovalev, Vladislav"]
[Black "Lindberg, Bo"]
[Result "1-0"]
[WhiteTitle "IM"]
[BlackTitle "FM"]
[WhiteElo "2473"]
[BlackElo "2403"]
[WhiteTeam "Vesnianka Gran"]
[BlackTeam "Team Viking"]
[WhiteFideId "13504398"]
[BlackFideId "1705997"]
[EventDate "2012.10.11"]
[EventType "team-swiss"]

1. e4 e5 2. Nf3 Nc6 3. d4 exd4 4. Nxd4 Nf6 5. Nxc6 bxc6 6. e5 Qe7 7. Qe2 Nd5 8.
c4 Nb6 9. b3 a5 10. Ba3 Qg5 11. Bxf8 Qc1+ 12. Qd1 Qxd1+ 13. Kxd1 Rxf8 14. Bd3
Bb7 15. Nc3 c5 16. Kc2 O-O-O 17. f3 Rfe8 18. Rae1 h6 19. Re2 Bc6 20. Rhe1 g5 21.
Be4 Bxe4+ 22. Rxe4 Re6 23. Nd5 a4 24. Ne3 Kb7 25. Nf5 axb3+ 26. axb3 Nc8 27.
R1e3 Na7 28. Kd1 Ra6 29. Ke1 Re8 30. Kf2 Ree6 31. Kg3 Nc6 32. h4 Ra2 33. Kh3 Rd2
34. g4 Nd4 35. f4 gxf4 36. Rxf4 f6 37. Rfe4 fxe5 38. Rxe5 Rb6 39. Rxc5 Nxb3 40.
Rd5 Rc2 41. Nxh6 Nd2 42. g5 Nxc4 43. Rg3 Nd2 44. Rxd2 Rxd2 45. g6 Rxg6 46. Rxg6
c5 47. Nf5 Rd5 48. Kg4 Kc7 49. h5 c4 50. h6 c3 51. Ne3 Rd1 52. Kg5 Rg1+ 53. Kf6
Rf1+ 54. Kg7 1-0

[Event "28th European Club Cup"]
[Site "Eilat ISR"]
[Date "2012.10.11"]
[Round "1.9"]
[White "Cramling, Dan"]
[Black "Gorovets, Andrey"]
[Result "0-1"]
[WhiteTitle "IM"]
[BlackTitle "IM"]
[WhiteElo "2360"]
[BlackElo "2459"]
[WhiteTeam "Team Viking"]
[BlackTeam "Vesnianka Gran"]
[WhiteFideId "1700162"]
[BlackFideId "13504037"]
[EventDate "2012.10.11"]
[EventType "team-swiss"]

1. d4 Nf6 2. c4 e6 3. Nc3 Bb4 4. e3 b6 5. Ne2 Bb7 6. a3 Bd6 7. d5 O-O 8. g3 a5
9. Bg2 Na6 10. Rb1 e5 11. h3 c6 12. g4 cxd5 13. Nxd5 e4 14. Ng3 Bxg3 15. fxg3
Nxd5 16. cxd5 Nc5 17. O-O Ba6 18. Rf5 Bd3 19. Ra1 a4 20. b4 axb3 21. Bb2 Qc7 22.
Kh2 d6 23. Rc1 Qd7 24. Rc3 Rfe8 25. Qa1 Re5 26. Rf4 f6 27. Bf1 Bxf1 28. Rxf1
Rxd5 29. Rd1 Qe6 30. Rcc1 Rxd1 31. Rxd1 Nd3 32. g5 Qf5 33. Rf1 Qxg5 34. Qd1 Nxb2
35. Qxb3+ d5 36. Qxb2 Qxe3 37. Rc1 Rxa3 38. Rg1 h5 39. h4 Qb3 40. Qd4 Ra2+ 41.
Kh3 Qc4 42. Qd1 Qc8+ 43. g4 Ra3+ 0-1

[Event "28th European Club Cup"]
[Site "Eilat ISR"]
[Date "2012.10.11"]
[Round "1.9"]
[White "Mochalov, Evgeny V"]
[Black "Sagit, Rauan"]
[Result "1-0"]
[WhiteTitle "IM"]
[BlackTitle "FM"]
[WhiteElo "2403"]
[BlackElo "2356"]
[WhiteTeam "Vesnianka Gran"]
[BlackTeam "Team Viking"]
[WhiteFideId "13500074"]
[BlackFideId "1708376"]
[EventDate "2012.10.11"]
[EventType "team-swiss"]

1. d4 Nf6 2. c4 e6 3. g3 Bb4+ 4. Bd2 c5 5. Bg2 O-O 6. dxc5 Bxc5 7. Nh3 Nc6 8.
O-O d5 9. cxd5 exd5 10. Bg5 Be7 11. Nf4 h6 12. Bxf6 Bxf6 13. Nc3 d4 14. Ne4 Be5
15. Nd3 Bc7 16. Rc1 Rb8 17. Nec5 Ne7 18. Qa4 Bb6 19. Rfd1 Nf5 20. Ne5 Qd6 21.
Ncd7 Rd8 22. Nxb6 Qxb6 23. Nc4 Qa6 24. Qxa6 bxa6 25. b3 Rb5 26. e4 Ne7 27. Nb2
Be6 28. Rc7 Nc8 29. Nd3 g5 30. Nc5 g4 31. Bf1 Rb4 32. Bxa6 Nd6 33. Be2 Rc8 34.
Nxe6 fxe6 35. Rxc8+ Nxc8 36. Bc4 Kf7 37. Rxd4 Ke7 38. e5 h5 39. h3 gxh3 40. Kh2
Rb8 41. Rh4 Nb6 42. Rxh5 Rf8 43. Rh7+ Kd8 44. f4 Nd7 45. Bxe6 Nxe5 46. fxe5 Rf2+
47. Kxh3 Rxa2 48. Bc4 Ra1 49. Kg4 a5 50. Ra7 a4 51. Rxa4 Re1 52. Kf5 Ke7 53.
Ra7+ Kd8 54. Ke6 Rg1 55. Rg7 Ke8 56. Rg8# 1-0

[Event "28th European Club Cup"]
[Site "Eilat ISR"]
[Date "2012.10.11"]
[Round "1.9"]
[White "Pettersson, Anders1"]
[Black "Oblamski, Vladimir"]
[Result "1-0"]
[WhiteElo "2274"]
[BlackElo "2114"]
[WhiteTeam "Team Viking"]
[BlackTeam "Vesnianka Gran"]
[WhiteFideId "1709771"]
[BlackFideId "13503979"]
[EventDate "2012.10.11"]
[EventType "team-swiss"]

1. d4 d5 2. c4 c6 3. Nc3 Nf6 4. cxd5 cxd5 5. Nf3 Nc6 6. e3 a6 7. Be2 e6 8. O-O
Bd6 9. Nd2 e5 10. dxe5 Bxe5 11. Nf3 Bd6 12. a3 O-O 13. b4 b5 14. Bb2 Bb7 15. Qb3
Ne5 16. Nxe5 Bxe5 17. Bf3 Qd6 18. h3 Rfd8 19. Ne2 Rac8 20. Rac1 Rc4 21. Bxe5
Qxe5 22. Nd4 Rdc8 23. Qb2 Ne4 24. Be2 R4c7 25. Bg4 Rf8 26. f4 Rxc1 27. fxe5
Rxf1+ 28. Kxf1 h5 29. Bf3 Rc8 30. Bxe4 dxe4 31. e6 f6 32. Nf5 1-0

[Event "28th European Club Cup"]
[Site "Eilat ISR"]
[Date "2012.10.11"]
[Round "1.10"]
[White "Meribanov, Vitaly"]
[Black "Raznikov, Danny"]
[Result "0-1"]
[WhiteTitle "FM"]
[BlackTitle "IM"]
[WhiteElo "2407"]
[BlackElo "2465"]
[WhiteTeam "Ladia Minsk"]
[BlackTeam "Hapoel Kfar Saba"]
[WhiteFideId "13504363"]
[BlackFideId "2811154"]
[EventDate "2012.10.11"]
[EventType "team-swiss"]

1. e4 c6 2. d4 d5 3. e5 c5 4. dxc5 Nc6 5. Nf3 Bg4 6. Bb5 Qa5+ 7. Nc3 e6 8. Be3
Ne7 9. a3 O-O-O 10. b4 Bxf3 11. gxf3 Qc7 12. Bxc6 Nxc6 13. Bd4 a6 14. f4 g5 15.
fxg5 h6 16. Na4 hxg5 17. c3 Rh4 18. Nb6+ Kb8 19. b5 axb5 20. a4 b4 21. a5 bxc3
22. a6 Rxd4 23. Qxd4 Qxb6 24. Qa4 Qxa6 0-1

[Event "28th European Club Cup"]
[Site "Eilat ISR"]
[Date "2012.10.11"]
[Round "1.10"]
[White "Boruchovsky, Avital"]
[Black "Bulanov, Dmitri"]
[Result "1-0"]
[WhiteTitle "IM"]
[BlackTitle "FM"]
[WhiteElo "2435"]
[BlackElo "2376"]
[WhiteTeam "Hapoel Kfar Saba"]
[BlackTeam "Ladia Minsk"]
[WhiteFideId "2800055"]
[BlackFideId "13506382"]
[EventDate "2012.10.11"]
[EventType "team-swiss"]

1. e4 c6 2. d4 d5 3. Nd2 dxe4 4. Nxe4 Nd7 5. Ng5 Ngf6 6. Bd3 e6 7. N1f3 h6 8.
Nxe6 fxe6 9. Bg6+ Ke7 10. O-O Qc7 11. g3 Kd8 12. c4 Be7 13. Bf4 Qa5 14. a3 Nf8
15. b4 Qa6 16. Bd3 Bd7 17. Ne5 Be8 18. d5 c5 19. dxe6 Nxe6 20. Bf5+ Nd4 21. bxc5
Bxc5 22. Nf3 Ba4 23. Qd2 Qxc4 24. Be3 Qe2 25. Nxd4 Qxd2 26. Ne6+ Ke7 27. Bxd2
Bb6 28. Rfe1 Kf7 29. Nf4 Bd7 30. Bc2 g5 31. Bb3+ 1-0

[Event "28th European Club Cup"]
[Site "Eilat ISR"]
[Date "2012.10.11"]
[Round "1.10"]
[White "Kocheev, Aleksandr"]
[Black "Givon, Asaf"]
[Result "1/2-1/2"]
[BlackTitle "FM"]
[WhiteElo "2324"]
[BlackElo "2405"]
[WhiteTeam "Ladia Minsk"]
[BlackTeam "Hapoel Kfar Saba"]
[WhiteFideId "13507842"]
[BlackFideId "2801841"]
[EventDate "2012.10.11"]
[EventType "team-swiss"]

1. e4 c5 2. Nf3 d6 3. c3 Nf6 4. Be2 g6 5. O-O Bg7 6. Bb5+ Nbd7 7. Re1 a6 8. Bf1
Ne5 9. Nxe5 dxe5 10. a4 b6 11. Na3 O-O 12. Nc4 Qc7 13. d4 exd4 14. cxd4 cxd4 15.
e5 Nd5 16. Qxd4 Be6 17. Bd2 Rfd8 18. Rac1 Qb7 19. g3 Rac8 20. Bg2 Qb8 21. Qh4
Rd7 22. Bg5 Rdc7 23. Qd4 Rc5 24. Bxd5 Bxd5 25. b3 Qc7 26. b4 Rxc4 27. Qxd5 e6
28. Qd6 Rxc1 29. Rxc1 Qxd6 30. Rxc8+ Qf8 31. Rxf8+ Kxf8 32. Be3 b5 33. axb5 axb5
34. f4 Ke8 35. Kf2 Kd7 36. Bc5 f6 37. exf6 Bxf6 38. Ke3 e5 39. Ke4 Ke6 40. Be3
exf4 1/2-1/2

[Event "28th European Club Cup"]
[Site "Eilat ISR"]
[Date "2012.10.11"]
[Round "1.10"]
[White "Galburd, Yan"]
[Black "Harshkou, Mikita"]
[Result "0-1"]
[WhiteElo "2331"]
[BlackElo "2233"]
[WhiteTeam "Hapoel Kfar Saba"]
[BlackTeam "Ladia Minsk"]
[WhiteFideId "2808528"]
[BlackFideId "13504770"]
[EventDate "2012.10.11"]
[EventType "team-swiss"]

1. c4 e6 2. Nf3 f5 3. g3 Nf6 4. Bg2 d6 5. O-O Be7 6. d3 O-O 7. Nc3 Nc6 8. d4 Ne4
9. d5 Nxc3 10. bxc3 Na5 11. Nd4 e5 12. Ne6 Bxe6 13. dxe6 c6 14. e4 f4 15. Qe2
Qe8 16. Ba3 c5 17. gxf4 exf4 18. e5 dxe5 19. Rad1 Qa4 20. Rd7 Rfe8 21. Rxe7 Rxe7
22. Bxc5 Rc7 23. Qxe5 Rac8 24. Bb4 Nc6 25. Qd6 Nxb4 26. cxb4 Qe8 27. c5 Kh8 28.
Bd5 Qf8 29. Re1 Re7 30. Re4 g5 31. Qe5+ Qg7 32. Kg2 Rf8 33. Qxg7+ Kxg7 34. Kf3
Kf6 35. Re1 Rd8 36. Ke4 Rc7 37. Rc1 Rdc8 38. h4 h6 39. hxg5+ hxg5 40. Rh1 a5 41.
a3 axb4 42. axb4 Ra8 43. Kd4 Ra4 44. Kc4 Ra2 45. f3 Rd2 46. Rc1 b5+ 47. Kxb5
Rxd5 48. Kb6 Rc8 49. Kb7 Rdd8 50. b5 Rb8+ 51. Kc7 Kxe6 52. Re1+ Kd5 53. c6 Rdc8+
54. Kd7 Kc5 55. Re5+ Kb6 56. Rxg5 Rd8+ 57. Ke6 Rd3 0-1

[Event "28th European Club Cup"]
[Site "Eilat ISR"]
[Date "2012.10.11"]
[Round "1.10"]
[White "Terzi, Alexei"]
[Black "Ben Artzi, Ido"]
[Result "0-1"]
[WhiteElo "2115"]
[BlackElo "2286"]
[WhiteTeam "Ladia Minsk"]
[BlackTeam "Hapoel Kfar Saba"]
[WhiteFideId "13505076"]
[BlackFideId "2810913"]
[EventDate "2012.10.11"]
[EventType "team-swiss"]

1. e4 e5 2. Nf3 Nc6 3. Bb5 a6 4. Ba4 Nf6 5. O-O Be7 6. Re1 b5 7. Bb3 d6 8. c3
O-O 9. h3 Nb8 10. a4 Bb7 11. d3 Nbd7 12. axb5 axb5 13. Rxa8 Bxa8 14. Na3 Qb8 15.
Nc2 Nc5 16. Ba2 Qa7 17. Nb4 Na4 18. Bd5 c5 19. Nc6 Bxc6 20. Bxc6 Qa6 21. Bd5
Nxd5 22. exd5 f5 23. Bg5 Bf6 24. Bxf6 Rxf6 25. Qa1 c4 26. dxc4 bxc4 27. Qa3 Qb5
28. Ra1 Nb6 29. Rd1 h6 30. h4 Kh7 31. Qb4 Qxb4 32. cxb4 Rf8 33. Ra1 Nxd5 34. Ra6
Nxb4 35. Rxd6 Re8 36. h5 Nd3 37. b3 Ra8 38. bxc4 Ra1+ 39. Kh2 Nxf2 40. g3 Ng4+
41. Kg2 Ne3+ 42. Kh2 Ng4+ 43. Kg2 e4 44. Nh4 Ra2+ 45. Kf1 Ne3+ 46. Kg1 Nxc4 47.
Rd8 Ne5 48. Nxf5 Nf3+ 49. Kf1 Nh2+ 50. Ke1 Nf3+ 51. Kd1 Ra5 52. Rf8 Rd5+ 53. Kc1
Re5 54. Nd6 e3 55. Nf7 Rxh5 56. Kd1 Nd4 0-1

[Event "28th European Club Cup"]
[Site "Eilat ISR"]
[Date "2012.10.11"]
[Round "1.10"]
[White "Mindlin, Alon"]
[Black "Sheremet, Anton"]
[Result "1/2-1/2"]
[WhiteElo "2237"]
[BlackElo "2095"]
[WhiteTeam "Hapoel Kfar Saba"]
[BlackTeam "Ladia Minsk"]
[WhiteFideId "2800071"]
[BlackFideId "13504452"]
[EventDate "2012.10.11"]
[EventType "team-swiss"]

1. d4 Nf6 2. Nf3 g6 3. g3 Bg7 4. Bg2 O-O 5. O-O d5 6. c4 c6 7. Nc3 dxc4 8. e4 b5
9. e5 Nd5 10. a4 b4 11. Ne4 c3 12. bxc3 Bf5 13. Qe2 Bxe4 14. Qxe4 Nxc3 15. Qh4
Ne2+ 16. Kh1 Nxc1 17. Raxc1 e6 18. a5 Qxa5 19. Ng5 h6 20. Ne4 Nd7 21. g4 b3 22.
f4 b2 23. Rb1 Qb4 24. f5 g5 25. Qf2 c5 26. f6 Qxd4 27. fxg7 Kxg7 28. Qc2 Qxe5
29. Rxb2 Rab8 30. Rxb8 Rxb8 31. Qa4 Qd4 32. Qxa7 Rb2 33. Qa1 Ne5 34. Rd1 Qb4 35.
Nxc5 Qxg4 36. Rg1 Qe2 37. h3 Ra2 38. Qd4 Rd2 39. Qa1 Ra2 40. Qd4 Rd2 41. Qa1 1/2-1/2

[Event "28th European Club Cup"]
[Site "Eilat ISR"]
[Date "2012.10.11"]
[Round "1.11"]
[White "Gofshtein, Leonid"]
[Black "Williams, Simon K"]
[Result "1-0"]
[WhiteTitle "GM"]
[BlackTitle "GM"]
[WhiteElo "2480"]
[BlackElo "2496"]
[WhiteTeam "Petach Tikva"]
[BlackTeam "Jutes of Kent"]
[WhiteFideId "2801574"]
[BlackFideId "404454"]
[EventDate "2012.10.11"]
[EventType "team-swiss"]

1. c4 f5 2. g3 Nf6 3. Bg2 d6 4. Nc3 e5 5. d3 Be7 6. e4 Nc6 7. Nge2 O-O 8. h3 Qe8
9. Be3 Qg6 10. Rg1 Kh8 11. Qd2 a6 12. f4 fxe4 13. dxe4 b5 14. f5 Qf7 15. g4 bxc4
16. g5 Nd7 17. Nd5 Nc5 18. Bxc5 dxc5 19. O-O-O Nd4 20. Nec3 Bd8 21. h4 c6 22.
Ne3 Rb8 23. Bf1 Rb4 24. Qf2 Nb5 25. Nc2 Nxc3 26. bxc3 Rb8 27. Qe2 Qb7 28. Qxc4
Qe7 29. h5 a5 30. Be2 Rb7 31. h6 g6 32. f6 Qe8 33. Bg4 Bxg4 34. Rxg4 Bb6 35. Rd3
Qc8 1-0

[Event "28th European Club Cup"]
[Site "Eilat ISR"]
[Date "2012.10.11"]
[Round "1.11"]
[White "Galego, Luis"]
[Black "Nakar, Eylon"]
[Result "1-0"]
[WhiteTitle "GM"]
[BlackTitle "IM"]
[WhiteElo "2485"]
[BlackElo "2397"]
[WhiteTeam "Jutes of Kent"]
[BlackTeam "Petach Tikva"]
[WhiteFideId "1900072"]
[BlackFideId "2811111"]
[EventDate "2012.10.11"]
[EventType "team-swiss"]

1. c4 g6 2. Nc3 Bg7 3. g3 c5 4. Bg2 Nc6 5. e3 e6 6. Nge2 Nge7 7. d4 cxd4 8. exd4
d5 9. cxd5 Nxd5 10. O-O O-O 11. Qb3 Nxd4 12. Nxd4 Bxd4 13. Nxd5 exd5 14. Bh6 Re8
15. Rad1 Qb6 16. Qa4 1-0

[Event "28th European Club Cup"]
[Site "Eilat ISR"]
[Date "2012.10.11"]
[Round "1.11"]
[White "Harakis, Alexis M"]
[Black "Botvinnik, Ilia"]
[Result "1/2-1/2"]
[BlackTitle "IM"]
[WhiteElo "2229"]
[BlackElo "2372"]
[WhiteTeam "Jutes of Kent"]
[BlackTeam "Petach Tikva"]
[WhiteFideId "403954"]
[BlackFideId "2804832"]
[EventDate "2012.10.11"]
[EventType "team-swiss"]

1. d4 d5 2. c4 e6 3. Nc3 Bb4 4. cxd5 exd5 5. g3 Ne7 6. Bg2 O-O 7. Nf3 c6 8. O-O
Bf5 9. Nh4 Be6 10. Qc2 Nd7 11. f4 f5 12. Nf3 Nf6 13. Kh1 Ne4 14. Qb3 Bxc3 15.
bxc3 b6 16. Ng5 Qd7 17. Bxe4 fxe4 18. Nxe6 Qxe6 19. Ba3 Rae8 20. Bxe7 Rxe7 21.
e3 Ref7 22. a4 g5 23. a5 b5 24. Qb4 gxf4 25. Rxf4 Rxf4 26. gxf4 Qh3 27. Rg1+ Kf7
28. Qd6 Qf3+ 29. Rg2 Qd1+ 30. Rg1 Qf3+ 31. Rg2 Qf1+ 32. Rg1 Qf3+ 33. Rg2 1/2-1/2

[Event "28th European Club Cup"]
[Site "Eilat ISR"]
[Date "2012.10.11"]
[Round "1.11"]
[White "Rice, Chris B"]
[Black "Botvinnik, Mikhail"]
[Result "0-1"]
[WhiteElo "2040"]
[BlackElo "2340"]
[WhiteTeam "Jutes of Kent"]
[BlackTeam "Petach Tikva"]
[WhiteFideId "404446"]
[BlackFideId "2805650"]
[EventDate "2012.10.11"]
[EventType "team-swiss"]

1. e4 c5 2. c4 Nc6 3. Nc3 g6 4. g3 Bg7 5. Bg2 e6 6. d3 Nge7 7. Bg5 Nd4 8. Nge2
d6 9. Rb1 h6 10. Be3 O-O 11. Qd2 Kh7 12. b4 Rb8 13. a3 b6 14. O-O Bb7 15. Rfc1
Qd7 16. Nf4 Nec6 17. Nce2 Qe8 18. b5 Nd8 19. Nc3 f5 20. Rf1 g5 21. Nfe2 g4 22.
Bxd4 cxd4 23. Nd1 Nf7 24. Qb4 Qd7 25. exf5 Bxg2 26. Kxg2 Qb7+ 27. Kg1 Ng5 28.
Nf4 Be5 29. f3 Rxf5 30. Rf2 0-1